000 00782 a2200241 4500
005 20081010155222.0
008 081010t xxu||||| |||| 00| 0 ur d
010 _aUR-7314
020 _c75.00
035 _aU-5859
037 _bD.B.Act / Pub
082 _a841
100 _aدرد دھلوی
245 _aسلگتے ساۓ
_cدرد دھلوی
246 _aSulagtey Saye
_bby Dard Delhvi
260 _aدھلی
_bدرد دھلوی،
_c2005
270 _a657,Gali No 26,Jafrabad,
_bدھلی
_e110053
300 _a128p
_b22 cm (Pbk.)
650 _aنظميں
650 _aPoems
942 _adpl
_cUR
_k/
_2ddc
_h841
_mدرد
999 _c3034
_d3034